000
00298nam a22001337a 4500
008
181205b xxu||||| |||| 00| 0 eng d
020
_a
9780131752061
041
_a
eng
080
_2
4th
_a
510
100
_a
36
101
_a
MAT
245
_a
Thinking Mathematically
_c
Blitzer,R
942
_2
udc
_c
BK
999
_c
52884
_d
52884